[Event "Silver Lake Open-A 2018"]
[Site "Veliko Gradiste"]
[Date "2018.06.17"]
[Round "1"]
[White "Georgiev, Kiril"]
[Black "Sevgi, Volkan"]
[Result "1/2-1/2"]
[WhiteElo "2590"]
[BlackElo "2266"]
[Annotator "TA"]
[PlyCount "99"]
[EventDate "2018.06.17"]
[EventType "swiss"]
[EventCountry "SRB"]
[SourceTitle "playchess.com"]
[Source "ChessBase"]
[SourceQuality "1"]

{[%evp 19,99,0,0,8,12,0,29,15,27,0,10,0,14,10,21,22,25,24,18,7,83,83,83,83,84,87,83,77,112,110,109,66,82,54,62,50,83,89,96,62,55,0,0,0,131,51,66,0,88,35,43,8,0,0,36,28,38,32,33,25,33,28,40,23,87,14,13,10,16,16,13,0,0,0,0,0,0,0,0,0,0,0]} 1. Nf3 Nf6 2. d4 e6 3. Bf4 b6 4. e3 Bb7 5. Nbd2 Be7 6. h3 O-O 7. Bd3 d5 8. O-O Nbd7 9. Qe2 c5 10. c3 Ne4 {LiveBook: 8 Partien. D02: Damenbauernspiele} 11. Rfd1 Nxd2 12. Rxd2 $146 ({Vorgänger:} 12. Nxd2 Nf6 13. dxc5 bxc5 14. e4 Bc6 15. exd5 exd5 16. Nf3 Nd7 17. Bb5 Bxb5 18. Qxb5 {1-0 (31) Chandra,A (2512)-Viswanadha,K (2372) Forth Worth 2017}) 12... Qc8 13. a4 a6 14. Ne5 Nxe5 15. Bxe5 f6 16. Bg3 Qc6 17. b4 c4 18. Bc2 e5 19. e4 f5 (19... dxe4 $11 20. dxe5 (20. d5 Qc7 $14) 20... f5) 20. exf5 $16 e4 21. f3 $1 Bg5 {[#]} 22. Rdd1 $1 Rxf5 23. b5 Qe6 24. bxa6 Rxa6 25. fxe4 dxe4 26. Be5 Ra5 27. Rab1 ({Nicht} 27. Bxe4 Rfxe5 28. dxe5 Rxe5 $17) 27... Bf6 28. Bc7 (28. Bxe4 $2 Rfxe5 29. dxe5 Rxe5 $17) 28... Ra6 29. Re1 Bh4 {...Tf2 ist eine echte Drohung.} 30. Rf1 (30. g3 $14 Qc8 31. Be5 Rxe5 32. dxe5 Bxg3 33. Red1) 30... Rxf1+ $1 $11 31. Rxf1 Bf6 (31... e3 $1 $11) 32. Qh5 (32. Rf4 $16) 32... Ra5 33. Qe2 (33. Qg4 $1 $14 Qc6 34. Bf4) 33... Rg5 (33... Ra6 $11) 34. Bf4 ({Besser ist} 34. Rb1 $16) 34... Rf5 $14 35. g4 Ra5 36. Qe3 Ra8 37. g5 Be7 38. Bd1 Rf8 39. Bg4 Qg6 40. h4 Bd5 41. Rf2 Qc6 {[#]} (41... h5 $11 42. Bd1 Ba3) 42. Bd1 (42. Qh3 $1 $16) 42... b5 $11 {Die Stellung ist ausgeglichen.} 43. axb5 Qxb5 44. Bc2 Qc6 45. Be5 Rxf2 46. Kxf2 Qg6 47. Ke1 h6 {[%cal Rh6g5]} 48. Bf4 hxg5 49. hxg5 Qh7 50. Bd1 {Precision: Weiß = 50%, Schwarz = 59%.} 1/2-1/2

[Event "Silver Lake Open-A 2018"]
[Site "Veliko Gradiste"]
[Date "2018.06.17"]
[Round "1"]
[White "Sanal, Vahap"]
[Black "Tadic, Stefan"]
[Result "1-0"]
[WhiteElo "2510"]
[BlackElo "2254"]
[Annotator "TA"]
[PlyCount "107"]
[EventDate "2018.06.17"]
[EventType "swiss"]
[EventCountry "SRB"]
[SourceTitle "playchess.com"]
[Source "ChessBase"]
[SourceQuality "1"]

{[%evp 16,107,35,27,75,27,50,48,86,59,80,44,58,53,90,78,96,104,93,99,97,100,108,107,138,124,126,121,133,89,186,181,263,262,270,260,310,282,419,420,418,418,419,410,418,396,385,271,826,820,805,775,954,635,29980,29981,29981,29982,29980,29980,29977,5297,1622,466,953,919,29962,29964,6733,6087,1091,1884,29985,29977,29977,29978,29978,29979,29979,29980,29980,29980,29980,29981,29981,29982,29982,29983,29983,29984,29984,29985,29985,29986]} 1. e4 c5 2. Nc3 Nc6 3. Bb5 Nd4 4. Bc4 g6 5. Nge2 Bg7 6. Nxd4 cxd4 7. Qf3 Nf6 {B23: Sizilianisch (Geschlossenes System)} (7... f5 8. Ne2 Qa5 9. c3 dxc3 10. dxc3 Nf6 11. exf5 Qxf5 12. Qxf5 gxf5 13. Bf4 d6 14. Rd1 Bd7 15. O-O {1-0 (69) Wei,Y (2724)-Dubov,D (2661) Ningbo 2015}) 8. Nb5 O-O 9. Nxd4 {LiveBook: 15 Partien} d6 {Weiß hat minimalen Vorteil.} 10. h3 Qb6 11. Ne2 $146 ({Vorgänger:} 11. c3 Nd7 12. Nc2 Ne5 13. Qe2 Bd7 14. a4 Nxc4 15. Qxc4 {½-½ (51) Balan,B (1805)-Daianu,C (2162) Slanic Moldova 2017}) 11... Be6 12. Bb3 a5 13. Nc3 Nd7 {[%cal Bf6d7,Bd7c5,Bc5a6,Ba6b4][%mdl 32]} 14. O-O Nc5 {[%cal Rc5b3]} 15. Qe3 a4 16. Bxe6 fxe6 17. d4 Na6 18. Ne2 {[%cal Bc3e2,Be2f4,Bf4e6][%mdl 32]} Nb4 19. Qd2 Nc6 {[%cal Rc6d4]} 20. c3 Qa6 21. Rd1 Na5 22. Qd3 b5 (22... Qxd3 $16 {war angesagt.} 23. Rxd3 Nc4) 23. Nf4 $18 Rf6 (23... Qc8 {ist wohl besser.} 24. Qxb5 Nc4) 24. d5 e5 {[#]} 25. Ne6 $1 {[%cal Re6c7]} Qb7 26. b3 axb3 (26... Qd7 {war einen Versuch wert.} 27. Bg5 Rf7) 27. axb3 Nxb3 28. Rxa8+ Qxa8 29. Bg5 Rxe6 30. dxe6 Nc5 31. Qxb5 Nxe6 $2 (31... Bf8 32. f3 Nxe6) 32. Bxe7 Qxe4 33. Qe8+ Nf8 34. Ra1 d5 35. Bxf8 Bxf8 {[%mdl 4096] Endspiel KDT-KDL} 36. Qe6+ Kg7 37. Ra7+ Kh6 38. Qf7 (38. Qg8 $142 Qb1+ 39. Kh2 Qf5 40. Rxh7+ Kg5 41. h4+ Kg4 42. f3+ Kf4 43. Rf7 Qxf7 44. Qxf7+ Ke3 45. Qxf8) 38... Bc5 39. Qxh7+ Kg5 {[#]} 40. h4+ $1 Kg4 {[#]} (40... Qxh4 41. Qxh4+) 41. Ra4 $1 {[%mdl 512]} Bxf2+ (41... Qxa4 42. Qxg6+) 42. Kxf2 d4 43. Qd7+ Kxh4 {[#]} 44. Rxd4 $1 {Weiß setzt Matt.} exd4 45. Qxd4 Qxd4+ 46. cxd4 {[%cal Bc3d4,Bd4d5][%mdl 32] KBB-KB} Kg4 47. Ke3 Kf5 48. Kf3 g5 49. g4+ Kf6 50. Ke4 Ke6 51. d5+ Kd6 52. Kd4 Kd7 53. Ke5 Ke7 54. Kf5 {Precision: Weiß = 76%, Schwarz = 30%.} 1-0

[Event "Silver Lake Open-A 2018"]
[Site "Veliko Gradiste"]
[Date "2018.06.17"]
[Round "1"]
[White "Damljanovic, Branko"]
[Black "Vafiadis, Kleanthis"]
[Result "1-0"]
[WhiteElo "2499"]
[BlackElo "2247"]
[Annotator "TA"]
[PlyCount "97"]
[EventDate "2018.06.17"]
[EventType "swiss"]
[EventCountry "SRB"]
[SourceTitle "playchess.com"]
[Source "ChessBase"]
[SourceQuality "1"]

{[%evp 22,97,4,3,50,53,63,-12,-12,-12,-7,-4,-4,-6,-8,-17,-11,-5,-15,-11,0,0,9,4,27,26,54,34,22,25,84,55,81,81,86,86,87,78,85,75,75,75,127,127,133,111,127,116,104,112,116,99,41,41,224,98,234,232,673,544,670,663,667,661,667,650,672,663,660,667,668,666,635,633,610,589,540,542]} 1. Nf3 Nf6 2. c4 g6 3. Nc3 Bg7 4. e4 d6 5. d4 {[%cal Bd2d4,Bd4d5][%mdl 32]} O-O 6. Be2 e5 7. O-O Nc6 8. d5 Ne7 9. Bg5 Nh5 10. g3 {E97: King's Indian: Classical Main Line (6...e5 7 0-0 Nc6): 8 Be3 and 8 d5 Ne7, not 9 Ne1} (10. Ne1 Nf4 11. Nd3 Nxe2+ 12. Qxe2 h6 13. Be3 g5 14. c5 Ng6 15. Rac1 Nf4 16. Qd2 Bd7 17. f3 b6 18. cxd6 cxd6 19. a4 Rc8 20. Nb5 Bxb5 21. axb5 {½-½ (55) Lenic,L (2662)-Perez Ponsa,F (2553) chess.com INT 2018}) 10... h6 11. Bd2 Bh3 12. Re1 {LiveBook: 7 Games. The position is equal.} Qd7 $146 ({Predecessor:} 12... Nf6 13. Nh4 Nd7 14. Bf1 Bxf1 15. Rxf1 f5 16. f3 c6 17. Kh1 Nf6 {1-0 (46) Nikcevic,N (2416)-Djukic,N (2546) Cetinje 2016}) 13. Kh1 Bg4 {[#]} 14. Ng1 (14. Nxe5 $1 $14 {[%mdl 512]} Bxe2 (14... dxe5 15. Bxg4) 15. Nxd7 Bxd1 16. Raxd1 (16. Rexd1 Rfd8 $14)) 14... Bxe2 $11 15. Qxe2 f5 16. exf5 Nxf5 17. Qd3 {Threatens to win with g4.} Nf6 18. Rf1 Rf7 19. Rae1 Raf8 20. f3 Kh7 21. Nge2 Re8 22. b3 Rfe7 23. Ne4 Nxe4 24. Qxe4 Nd4 25. Kg2 a6 (25... Nxe2 $11 {keeps the balance.} 26. Rxe2 (26. Qxe2 Rf7 $14) 26... Rf7) 26. h4 Nxe2 27. Rxe2 Qf5 28. g4 Qxe4 29. fxe4 Rf8 30. Rxf8 Bxf8 $16 {[%mdl 4096] Endgame KRB-KRB} 31. Rf2 Bg7 (31... Kg8 $142) 32. b4 Kg8 33. Be3 Rf7 34. Rc2 Bf6 35. g5 hxg5 36. hxg5 Be7 (36... Bd8 $16) 37. c5 $14 {[%cal Bc4c5,Bc5c6][%mdl 32]} Kf8 $2 {[#]} (37... Rh7 $1 $14) 38. a4 (38. c6 $1 $18 {[%cal Rc6b7]} b5 39. Rc3) 38... Ke8 {[#]} (38... Bd8 $16) 39. c6 $1 $18 {[%cal Rc6b7]} b5 $2 (39... bxc6 40. Rxc6 Kd7) 40. axb5 {White is clearly winning.} axb5 41. Ra2 Rh7 42. Ra8+ Bd8 43. Kg3 Rh1 44. Rb8 Rb1 {intending ...Rb3.} 45. Rxb5 Rb2 46. Rb8 Ke7 47. b5 Rb3 48. Kf2 Rb2+ 49. Kf3 {Precision: White = 71%, Black = 28%.} 1-0

[Event "Silver Lake Open-A 2018"]
[Site "Veliko Gradiste"]
[Date "2018.06.17"]
[Round "1"]
[White "Gazik, Viktor"]
[Black "Gazik, Igor"]
[Result "1-0"]
[WhiteElo "2490"]
[BlackElo "2236"]
[Annotator "TA"]
[PlyCount "45"]
[EventDate "2018.06.17"]
[EventType "swiss"]
[EventCountry "SRB"]
[SourceTitle "playchess.com"]
[Source "ChessBase"]
[SourceQuality "1"]

{[%evp 15,45,41,43,31,35,28,128,122,366,370,460,433,442,439,453,462,446,460,438,452,459,334,688,675,973,938,29988,6133,2494,2482,29992,29993]} 1. e4 e5 2. Nf3 Nc6 3. Bc4 Bc5 4. c3 Nf6 5. d3 d6 6. O-O Bg4 7. Nbd2 Qd7 8. b4 Bb6 {LiveBook: 5 Games. C54: Giuoco Piano: 4 c3 Nf6, main lines with 5 d4 and 5 d3} 9. Bb3 h6 $146 ({Predecessor:} 9... h5 10. Nc4 h4 11. Nxb6 axb6 12. h3 Bh5 13. Bg5 Bg6 14. Nxh4 Bh5 15. Qd2 Nh7 16. Nf5 {1-0 (32) Bellini,F (2502)-Haugsdal,A (2124) playchess.com INT 2004}) 10. Nc4 g5 (10... O-O $11 {keeps the balance.}) 11. a4 $16 {[%cal Ba2a4,Ba4a5,Ba5b6][%mdl 32]} Bh5 $2 {[#]} (11... a6 $16 12. Nxb6 cxb6) 12. a5 $18 g4 13. Nfxe5 (13. axb6 gxf3 14. Qd2 Rg8 $19) ({Less strong is} 13. Nxb6 axb6 14. Nh4 g3 $14) 13... Nxe5 14. axb6 Nf3+ 15. Kh1 Nxh2 16. bxc7 {[#] Ba4 is the strong threat.} g3 17. f3 {Black must now prevent Ba4.} Qxc7 18. Bf4 {[%cal Bc1f4,Bf4d6,Bd6e7][%mdl 32]} Rg8 $2 (18... Nxf1 19. Ba4+ Nd7 20. Qxf1 O-O) 19. e5 Nxf1 20. exf6 Nh2 21. Qe2+ (21. Qe1+ $142 Kd7 22. Nxd6 Raf8 23. Qe7+ Kc6 24. b5+ Kb6 25. Be3+ Qc5 26. Qxb7#) 21... Kd8 22. Bxd6 Qd7 23. Be7+ {Precision: White = 79%, Black = 35%.} 1-0

[Event "Silver Lake Open-A 2018"]
[Site "Veliko Gradiste"]
[Date "2018.06.17"]
[Round "1"]
[White "Blagojevic, Dragisa"]
[Black "Vujacic, Borivoje"]
[Result "0-1"]
[WhiteElo "2486"]
[BlackElo "2211"]
[Annotator "TA"]
[PlyCount "124"]
[EventDate "2018.06.17"]
[EventType "swiss"]
[EventCountry "SRB"]
[SourceTitle "playchess.com"]
[Source "ChessBase"]
[SourceQuality "1"]

{[%evp 27,124,35,46,44,44,41,53,50,55,47,52,56,97,93,88,93,90,93,124,79,99,83,82,45,47,53,47,0,92,28,41,14,14,14,14,21,13,0,29,28,42,0,0,0,38,41,47,-32,0,-10,-12,-45,13,7,54,83,89,0,0,0,16,18,53,60,123,-398,-398,-393,-397,-379,-381,-368,-350,-370,-358,-308,-307,-398,-387,-448,-349,-448,-448,-427,-424,-790,-789,-4134,-593,-548,-578,-5447,-4952,-777,-503,-539,-480,-587,-587]} 1. d4 Nf6 2. c4 g6 3. Nf3 Bg7 4. g3 c6 5. Bg2 d5 6. b3 dxc4 7. bxc4 c5 8. Bb2 cxd4 9. Nxd4 O-O 10. O-O Qb6 11. Qb3 {A49: 1 d4 Nf6 2 Nf3 g6 3 g3: Anti-King's Indian systems} (11. Qc1 Bd7 12. Nd2 Nc6 13. e3 Rac8 14. Bc3 Nxd4 15. exd4 Bf5 16. Qa3 Bd3 17. Rfe1 Bxc4 18. Nxc4 Rxc4 19. Rab1 {½-½ (36) Mamedyarov,S (2814)-Radjabov,T (2748) Shamkir 2018}) 11... Na6 12. Nd2 Nc5 13. Qa3 Bd7 14. Rab1 Rac8 {[#] LiveBook: 4 Games} 15. Bc3 $146 ({Predecessor:} 15. Ba1 Qc7 16. N2b3 b6 17. Nxc5 Qxc5 18. Qxa7 Qxc4 19. Rxb6 {1-0 (47) Fressinet,L (2672)-Firouzja,A (2456) Doha 2016}) 15... Qc7 16. Bb4 ({Much worse is} 16. Qxa7 Ra8 $15) 16... b6 17. Nb5 Bxb5 18. cxb5 Rfd8 19. Rfc1 Nd5 20. Bxc5 bxc5 21. Bxd5 Rxd5 22. Nc4 Rcd8 23. Qb3 Bh6 24. Rd1 e6 25. a4 Bd2 26. Qc2 Bb4 27. Qb3 Qb7 {[#]} (27... Bd2 $11) 28. f3 (28. Ne5 $1 $16 {[%mdl 512]}) 28... h5 29. Kf2 (29. Ne3 $5 {[%cal Re3d5]}) 29... h4 30. Ne3 Rd4 31. Rxd4 cxd4 32. Nc4 Bc5 33. Qd3 Qd5 34. Kg2 Kg7 35. g4 Rh8 36. Kh3 Rc8 37. Rc1 (37. Na5 $14) 37... Bd6 $15 38. Rc2 Bb8 39. e4 Qg5 (39... Qd7 $15) 40. Qxd4+ $11 Be5 41. Qe3 ({Wrong is} 41. Qxa7 $2 Rxc4 $1 {[%mdl 512]} 42. Rxc4 Qd2 $19) 41... Qe7 42. Qb3 (42. g5 $16) 42... Bf4 43. Nb2 Rd8 44. Nd3 Qf6 45. Qc3 e5 {[#]} (45... Be3 $14 46. Nb4 Bd4) 46. Re2 $2 {[%mdl 8192] [#]} (46. Nb4 $1 $16 {is forced if you want to stay better.}) 46... Bd2 $1 $19 {[%mdl 512]} 47. Qxe5 (47. Rxd2 $2 {is a self mate.} Qxf3+ 48. Kxh4 Rh8+ 49. Kg5 f6#) (47. Qxd2 Qxf3+) 47... Rxd3 48. Qxf6+ Kxf6 49. Kxh4 {[%mdl 4096] Endgame KRB-KR} Bf4 50. g5+ Bxg5+ 51. Kg4 {Threatening e5+.} Rd2 52. e5+ Ke6 53. Re4 Rg2+ 54. Kh3 Rg1 {Black is clearly winning.} 55. Rc4 Be3 56. f4 (56. Rb4 $142) 56... Kf5 57. Rc7 Kxf4 (57... Bxf4 $142 58. Rxf7+ Kxe5 59. Rxa7 g5) 58. Rxf7+ Kxe5 59. Re7+ Kf4 60. Rf7+ Kg5 61. a5 Ra1 62. Re7 Bf4 {Precision: White = 43%, Black = 55%.} 0-1

[Event "Silver Lake Open-A 2018"]
[Site "Veliko Gradiste"]
[Date "2018.06.17"]
[Round "1"]
[White "Milanovic, Danilo"]
[Black "Dahl, Trygve"]
[Result "1/2-1/2"]
[WhiteElo "2461"]
[BlackElo "2206"]
[Annotator "TA"]
[PlyCount "82"]
[EventDate "2018.06.17"]
[EventType "swiss"]
[EventCountry "SRB"]
[SourceTitle "playchess.com"]
[Source "ChessBase"]
[SourceQuality "1"]

{[%evp 10,82,59,37,68,44,45,48,87,44,47,31,58,37,90,79,88,87,112,87,116,61,77,0,0,0,91,0,27,0,61,0,37,-100,-88,-92,0,-4,5,-10,0,-13,25,-62,-52,-44,-52,-51,-35,-33,0,0,0,-22,-16,-7,-22,-17,0,0,0,0,25,17,62,50,60,0,0,0,0,-89,0,0,0]} 1. d4 Nf6 2. c4 e6 3. Nf3 Bb4+ 4. Nbd2 Nc6 (4... O-O 5. a3 Be7 6. e4 d5 7. e5 Nfd7 8. Bd3 c5 9. O-O Nc6 10. Re1 a5 11. Qc2 h6 12. Nb3 dxc4 13. Bxc4 cxd4 14. Qe4 a4 15. Bxh6 axb3 16. Bxg7 Kxg7 17. Qg4+ Kh8 18. Qh5+ Kg7 19. Qg4+ Kh8 20. Qh5+ Kg7 21. Qg4+ {½-½ (21) Vitiugov,N (2740)-Tomashevsky,E (2714) Sochi 2018}) 5. a3 Bxd2+ 6. Bxd2 {LiveBook: 4 Games. E11: Bogo-Indian} h6 7. Qc2 $146 ({Predecessor:} 7. Bc3 Ne4 8. d5 Nxc3 9. bxc3 Ne7 10. e4 d6 11. e5 exd5 12. cxd5 O-O 13. Rb1 dxe5 14. c4 Qd6 15. Qa4 e4 16. Nd4 c6 17. Nb5 cxb5 {0-1 (17) Pacheco,J-Picanco,F Brazil CXEB 1994}) 7... d6 8. Bc3 {White is slightly better.} Qe7 9. e3 a5 10. Be2 O-O 11. h3 a4 (11... e5 $14) 12. g4 $16 e5 13. d5 Nb8 14. O-O-O Nbd7 15. Nd2 ({White should try} 15. g5 $16) 15... Nc5 16. Bb4 (16. Rdg1 $16) 16... Na6 $1 $11 17. Bc3 (17. Rdg1 $11) 17... Nc5 $16 18. Bb4 (18. Rdg1 $16) 18... Na6 $1 $11 19. Bc3 Nc5 20. Bb4 Na6 $1 {[%cal Bc5a6,Ba6c7,Bc7b5,Bb5c3][%mdl 32]} 21. Qxa4 (21. Rdg1 $14 {keeps the upper hand.}) 21... Bd7 $17 22. Qb3 {[#]} c5 ({Black should play} 22... Rfb8 $1 $17 23. e4 Nxb4 24. Qxb4 c5) 23. Bc3 {Black must now prevent Rdg1.} Rfb8 24. Qc2 b5 25. cxb5 Nc7 26. Ne4 (26. a4 $11 Ncxd5 27. Ne4) 26... Nxe4 $15 27. Qxe4 {[#] a4 is the strong threat.} Bxb5 28. Rhe1 Bxe2 29. Rxe2 Nb5 30. Rc2 Qb7 31. Qc4 Nxc3 32. Qxc3 Ra4 33. Kb1 Qa6 34. Ka2 $1 c4 {aiming for ...Rb3.} 35. Qd2 $1 Rb3 {[%cal Ra4a3] ( -> ...Raxa3+!)} 36. Qc1 $1 Qb5 {And now ...Rbxa3+! would win.} 37. Rc3 $1 Qb4 38. Rxc4 (38. h4 $14) 38... Rxb2+ $1 $11 39. Qxb2 Qxc4+ 40. Ka1 (40. Kb1 $1 $11) 40... Qa6 (40... Ra8 $17) 41. Ka2 $1 Qc4+ {Precision: White = 39%, Black = 52%.} 1/2-1/2

[Event "Silver Lake Open-A 2018"]
[Site "Veliko Gradiste"]
[Date "2018.06.17"]
[Round "1"]
[White "Kasparov, Sergey"]
[Black "Rajkovic, Aleksandar"]
[Result "1/2-1/2"]
[WhiteElo "2456"]
[BlackElo "2198"]
[Annotator "TA"]
[PlyCount "174"]
[EventDate "2018.06.17"]
[EventType "swiss"]
[EventCountry "SRB"]
[SourceTitle "playchess.com"]
[Source "ChessBase"]
[SourceQuality "1"]

{[%evp 22,174,25,22,40,29,23,27,29,24,37,25,32,29,23,29,33,34,43,39,44,43,74,50,65,59,90,84,127,127,199,198,196,180,170,155,254,156,133,18,18,18,20,20,20,20,55,35,55,34,55,55,59,55,56,43,71,66,169,169,169,169,177,177,177,177,177,177,177,177,177,170,169,169,169,162,148,94,101,101,113,113,113,101,101,78,113,113,113,113,113,113,129,101,120,113,113,113,113,39,80,14,120,21,34,16,39,0,0,0,0,0,0,0,0,0,0,0,25,0,0,0,0,0,0,0,0,0,0,0,0,0,0,0,0,0,0,0,0,0,0,0,0,0,0,0,0,0,0,0,0,0,0,0,0]} 1. e4 e5 2. Nf3 Nf6 3. Nxe5 d6 4. Nf3 Nxe4 5. Nc3 Nxc3 6. dxc3 Nc6 7. Bf4 Be7 8. Qd2 Bg4 9. Be2 Qd7 10. h3 {C42: Russische Verteidigung (Petrow)} Be6 11. O-O-O O-O-O (11... a6 12. Ng5 Bxg5 13. Bxg5 f6 14. Be3 O-O-O 15. b3 Rhe8 16. Rhe1 Bf5 17. g4 Be4 18. f3 Bg6 19. Bf2 Re7 20. Bf1 Rde8 21. Rxe7 Rxe7 22. c4 Qe6 23. Kb1 h5 24. Re1 {½-½ (24) Vachier Lagrave,M (2634)-Gashimov,V (2664) Heraklio 2007}) 12. Ng5 {LiveBook: 4 Partien. Weiß hat minimalen Vorteil.} Kb8 13. Rhe1 Bxg5 14. Bxg5 f6 15. Be3 {[#]} Qf7 $146 ({Vorgänger:} 15... Rhe8 16. b3 g5 17. f3 Ne5 18. f4 {½-½ (18) Kalinitschew,S (2492)-Teske,H (2513) Germany 2009}) 16. b3 g5 17. f4 gxf4 18. Bxf4 Ne5 19. Rf1 Qg6 20. g4 h6 21. c4 Rdf8 22. Rf2 Bc8 23. Rdf1 Qg7 24. Kb1 Rd8 25. Be3 h5 (25... Rdf8 $16) 26. gxh5 $18 ({Weniger gut wäre} 26. Rxf6 hxg4 27. hxg4 Bxg4 $11) 26... Bxh3 27. h6 ({Nicht} 27. Rxf6 Bxf1 28. Rxf1 Qg2 $11) 27... Qe7 28. Rh1 ({Minderwertig wäre} 28. Rxf6 Bxf1 29. Rxf1 Rde8 $11) 28... Bg4 (28... Bc8 $16 29. Rhf1 Rdf8) 29. Bxg4 Nxg4 30. Bxa7+ (30. Re2 $16 Qd7 31. Bd4) 30... Kxa7 $11 31. Qd4+ Kb8 32. Qxg4 {zielt auf Dh4 ab.} Rxh6 $1 33. Rhf1 Rf8 34. Rf5 Qh7 35. Kb2 Rg6 36. Qd4 Qe7 37. a4 Qg7 38. c5 dxc5 39. Qxc5 Rg5 {[#]} ({Lieber} 39... Rd8 $14) 40. Qxf8+ $1 $18 {[%mdl 512]} Qxf8 41. Rxg5 {[%mdl 4096] Endspiel KD-KTT} Qd6 42. Rgf5 Qd4+ 43. Kb1 Ka7 44. Rxf6 c6 45. Rf7 Ka6 46. R1f4 Qd1+ 47. Kb2 Qe1 48. R7f5 Qe6 49. b4 (49. Rf2 $142) 49... Qe3 50. Rf2 Qd4+ 51. c3 Qe3 52. Rf8 Ka7 53. Rh2 Qe7 54. Rf5 Qd6 55. Ra5+ Kb6 56. Rah5 Qd3 57. Rh7 Qd1 58. Re7 Qd6 59. Rhe2 Qd1 60. a5+ (60. Rf2 $16) 60... Ka6 61. Rg2 (61. R7e6 $16) 61... Qd6 {[#]} (61... Qd5 $11 {bleibt in der Remisbreite.} 62. Reg7 c5) 62. Re8 (62. Reg7 $1 $16) 62... Ka7 63. Rge2 {T8e5 ist eine echte Drohung.} Qd3 64. Rc2 {Und weiter mit Te5 wäre nett.} c5 65. Rc8 cxb4 66. cxb4 Qd4+ 67. Kb3 Qd3+ 68. R8c3 (68. Ka2 {is interesting.} Qe4 69. R2c4 Qd3 70. Rc3 Qe2+ 71. Ka3) 68... Qd5+ 69. Ka3 Qd6 70. Ka4 Qd7+ {Die Stellung ist ausgeglichen.} 71. b5 Qd4+ 72. Kb3 Qd5+ 73. Kb4 Qd6+ 74. Rc5 b6 75. axb6+ Kxb6 76. R2c3 (76. Ka4 {seems wilder.} Qd4+ 77. R5c4 Qa1+ 78. Kb3 Qb1+ 79. Rb2) 76... Qe7 77. Ka4 Qa7+ 78. Kb3 Qf7+ 79. R3c4 Qf3+ 80. Kb4 {Droht stark Tc6+.} Qf8 81. Rc3 Qe7 82. Ka4 Qa7+ 83. Kb3 Qf7+ 84. Kb2 Qf2+ 85. Ka3 Qxc5+ 86. Rxc5 Kxc5 87. Kb3 Kxb5 {Precision: Weiß = 47%, Schwarz = 49%.} 1/2-1/2

[Event "Silver Lake Open-A 2018"]
[Site "Veliko Gradiste"]
[Date "2018.06.17"]
[Round "1"]
[White "Radovanovic, Nikola"]
[Black "Pesotskiy, Mikhail"]
[Result "1/2-1/2"]
[WhiteElo "2438"]
[BlackElo "2177"]
[Annotator "TA"]
[PlyCount "59"]
[EventDate "2018.06.17"]
[EventType "swiss"]
[EventCountry "SRB"]
[SourceTitle "playchess.com"]
[Source "ChessBase"]
[SourceQuality "1"]

{[%evp 15,59,-4,-6,-5,2,-30,-28,-39,13,12,29,29,52,38,34,41,140,130,181,173,173,175,163,162,166,156,166,154,158,129,146,158,186,177,185,0,0,0,0,0,0,0,0,0,0,0]} 1. e4 e6 2. d4 d5 3. Nc3 Bb4 4. e5 c5 5. a3 Bxc3+ 6. bxc3 Qa5 7. Bd2 Qa4 8. Nf3 b6 {LiveBook: 67 Games} 9. dxc5 {C18: French: 3 Nc3 Bb4: Main line: 7 h4 and 7 Qg4} bxc5 10. Rb1 (10. c4 $5) (10. c4 Ba6 11. cxd5 Bxf1 12. Kxf1 exd5 13. h4 Ne7 14. h5 h6 15. Rh4 Qc6 16. Qe2 Qe6 {1-0 (71) Inarkiev,E (2680)-Demchenko,A (2639) Ekaterinburg 2013}) 10... Ba6 11. Bxa6 {Black has an edge.} Qxa6 ({Better is} 11... Nxa6 $15 12. Rb7 Qc6) 12. Qe2 $146 {Threatens to win with Rxb8+!} ({Predecessor:} 12. Be3 Nd7 13. Qd3 Qxd3 14. cxd3 Ne7 15. Rb7 Nc6 16. Ke2 Rc8 {0-1 (37) Zelic,Z (2373)-Muha,M (2268) Krapina 2016}) 12... Qxe2+ (12... Qc6 {seems wilder.} 13. Bg5 h6 14. Bh4 Nd7 15. c4 g5) 13. Kxe2 Nd7 14. Rb7 Ne7 15. Rhb1 $36 {[%mdl 2048] White is pushing.} Nc6 {[#]} (15... h6 $14) 16. Rc7 $1 $16 {[%cal Rc7c6]} Ncxe5 (16... Ndxe5 $16 {was necessary.} 17. Bf4 Nxf3 18. gxf3 (18. Kxf3 Na5 $16) 18... e5) 17. Rbb7 $18 O-O {[#]} 18. Bf4 $1 {[%cal Rf4e5]} ({Much less strong is} 18. Rxd7 $6 Nxd7 19. Rxd7 Rfd8 $11) 18... Nxf3 19. Rxd7 e5 20. Kxf3 exf4 21. Rxd5 {[%mdl 4096] Endgame KRR-KRR} g6 22. Rxc5 Rac8 23. Rbc7 Rcd8 24. Rxa7 Rd2 25. a4 $2 (25. Rcc7 $18) 25... Re8 $1 $11 {The position is equal.} 26. Rcc7 Ree2 27. Rxf7 Rxf2+ 28. Ke4 Rfe2+ 29. Kf3 {Hoping for g3.} Rf2+ 30. Ke4 {Precision: White = 68%, Black = 52%.} 1/2-1/2

[Event "Silver Lake Open-A 2018"]
[Site "Veliko Gradiste"]
[Date "2018.06.17"]
[Round "1"]
[White "Ivic, Velimir"]
[Black "Cholleti Sahajasri"]
[Result "1-0"]
[WhiteElo "2425"]
[BlackElo "2151"]
[Annotator "TA"]
[PlyCount "53"]
[EventDate "2018.06.17"]
[EventType "swiss"]
[EventCountry "SRB"]
[SourceTitle "playchess.com"]
[Source "ChessBase"]
[SourceQuality "1"]

{[%evp 13,53,25,35,24,29,27,33,15,41,38,82,73,75,68,85,79,123,127,130,137,158,155,267,252,253,228,237,141,141,129,233,230,235,223,287,291,329,384,358,327,29994,29995]} 1. e4 c5 2. Nc3 d6 3. d4 cxd4 4. Qxd4 Nc6 5. Qd2 Nf6 6. b3 {B23: Closed Sicilian: Lines without g3} g6 7. Bb2 Bg7 {LiveBook: 3 Games} 8. O-O-O {White is slightly better.} Qa5 9. Kb1 O-O 10. f3 $146 ({Predecessor:} 10. Nge2 e5 11. f3 {½-½ (41) Nakamura,H (2769)-Vachier Lagrave,M (2789) Stavanger 2018}) 10... Rd8 11. Nge2 e5 12. g4 {[%cal Bg2g4,Bg4g5][%mdl 32]} Be6 13. g5 Nh5 14. h4 Bf8 15. Bh3 Bxh3 16. Rxh3 Ne7 17. f4 exf4 (17... Bg7 $16 18. f5 gxf5) 18. Nxf4 $18 Nxf4 19. Qxf4 Qe5 20. Qxe5 (20. Qf3 $18 Bg7 21. Na4) 20... dxe5 $16 21. Rf1 Nc6 (21... Rac8 $16 22. Rhf3 Bg7) 22. Nd5 $18 Bg7 23. h5 gxh5 24. Rxh5 Rd6 25. Nf6+ Bxf6 26. gxf6 Re8 $2 {[#]} (26... Rad8 $18 27. Rg1+ Kf8) 27. Rg1+ {Precision: White = 96%, Black = 29%.} 1-0